[Event "Titled Tue 27th May Late"]
[Site "chess.com INT"]
[Date "2025.05.27"]
[Round "6"]
[White "Dudzinski, Pawel"]
[Black "Yevchenko, Oleksandr"]
[Result "1-0"]
[WhiteTitle "FM"]
[BlackTitle "CM"]
[WhiteElo "2191"]
[BlackElo "2276"]
[WhiteFideId "1117890"]
[BlackFideId "14108267"]
[EventDate "2025.05.27"]

1. e4 c5 2. c4 Nc6 3. Nc3 g6 4. g3 Bg7 5. Bg2 e6 6. Nge2 Nge7 7. O-O O-O 8. Rb1
b6 9. a3 Bb7 10. b4 cxb4 11. axb4 Nd4 12. Nxd4 Bxd4 13. Ne2 Bg7 14. d4 d5 15.
exd5 exd5 16. c5 bxc5 17. bxc5 Bc6 18. Nc3 Nf5 19. Be3 Re8 20. Re1 Qd7 21. Qd3
a5 22. Bh3 a4 23. Rb6 Qc7 24. Bxf5 gxf5 25. Ra1 Qd7 26. Qc2 Rab8 27. Nxa4 Bxa4
28. Qxa4 Qe7 29. Rab1 Ra8 30. Qb3 Qe4 31. c6 Bxd4 32. Bxd4 Qxd4 33. c7 Rac8 34.
Rb8 Qe4 35. Rxc8 Rxc8 36. Qb8 1-0

[Event "Titled Tue 27th May Late"]
[Site "chess.com INT"]
[Date "2025.05.27"]
[Round "6"]
[White "Montano Vicente, Guadalupe"]
[Black "Borisov, Yuri"]
[Result "1/2-1/2"]
[BlackTitle "FM"]
[WhiteElo "1940"]
[BlackElo "2285"]
[WhiteFideId "5181399"]
[BlackFideId "1503928"]
[EventDate "2025.05.27"]

1. d4 e6 2. c4 f5 3. g3 Nf6 4. Bg2 d5 5. Nh3 c6 6. Qc2 Bd6 7. Bf4 O-O 8. Nd2 b6
9. Rb1 Ba6 10. O-O Qe7 11. Rfd1 Nbd7 12. Bxd6 Qxd6 13. b4 Rac8 14. c5 Qc7 15.
Nf4 Rfe8 16. Qa4 Bb5 17. Qb3 e5 18. dxe5 Nxe5 19. a4 Bc4 20. Nxc4 Nxc4 21. b5
bxc5 22. bxc6 Na5 23. Bxd5+ Kh8 24. Qb5 Nxc6 25. Qxc5 Ne5 26. Qxc7 Rxc7 27. Rb7
Nxd5 28. Rb5 Nxf4 29. Rxe5 Nxe2+ 30. Rxe2 Rec8 31. Kg2 h6 32. Rd5 Rc5 33. Re8+
Kh7 34. Ree5 Rxd5 35. Rxd5 Rc4 36. a5 Kg6 37. Rd6+ Kh7 38. Rd5 Kg6 39. Rd6+ Kh7
40. Rd7 a6 41. Rd6 Ra4 42. Rxa6 h5 43. h4 g6 44. Kh2 Kh6 45. Kg2 Ra3 46. Kh2 Ra4
47. Kg2 Ra3 48. Kh2 Ra4 1/2-1/2

[Event "Titled Tue 27th May Late"]
[Site "chess.com INT"]
[Date "2025.05.27"]
[Round "6"]
[White "Srinath, Rao S.V."]
[Black "Szpar, Milosz"]
[Result "0-1"]
[WhiteTitle "IM"]
[BlackTitle "IM"]
[WhiteElo "2299"]
[BlackElo "2475"]
[WhiteFideId "5028876"]
[BlackFideId "1184989"]
[EventDate "2025.05.27"]

1. d4 Nf6 2. Nc3 d5 3. Bf4 a6 4. e3 h6 5. Nf3 e6 6. Ne5 c5 7. Be2 Nc6 8. O-O Bd7
9. a3 Rc8 10. Re1 cxd4 11. exd4 Qb6 12. Nxc6 Bxc6 13. Qd2 Be7 14. Be5 O-O 15.
Bd3 Nd7 16. Bf4 Bf6 17. Ne2 e5 18. dxe5 Nxe5 19. Bxe5 Bxe5 20. c3 Rfe8 21. Nd4
Kf8 22. Nf5 Bd7 23. Ne3 Qd6 24. g3 Bc6 25. Nf5 Qf6 26. f4 Bb8 27. Qf2 Bd7 28.
Qd4 Rc6 29. Qxd5 Ba7+ 30. Kg2 Rce6 31. Rxe6 Bxe6 32. Qe4 g6 33. Qb4+ Kg8 34. Nd4
Bd5+ 35. Kg1 a5 36. Qa4 Bc6 37. Qc4 b5 38. Qb3 Bxd4+ 39. cxd4 Qxd4+ 40. Kf1 Qe3
41. Rd1 Qf3+ 42. Kg1 Qg2# 0-1

[Event "Titled Tue 27th May Late"]
[Site "chess.com INT"]
[Date "2025.05.27"]
[Round "6"]
[White "Bratovic, Blaz"]
[Black "Leiva, Gianmarco"]
[Result "0-1"]
[WhiteTitle "IM"]
[BlackTitle "IM"]
[WhiteElo "2319"]
[BlackElo "2387"]
[WhiteFideId "14603551"]
[BlackFideId "3804399"]
[EventDate "2025.05.27"]

1. e4 c5 2. Nf3 d6 3. d4 cxd4 4. Nxd4 Nf6 5. Nc3 a6 6. Bg5 e6 7. f4 Qb6 8. Qd2
Qxb2 9. Nb3 Qa3 10. Bxf6 gxf6 11. Be2 h5 12. O-O Nc6 13. Kh1 Bd7 14. Nb1 Qa4 15.
a3 Nd8 16. Nc3 Qc6 17. Nd4 Qc5 18. f5 Nc6 19. fxe6 fxe6 20. Nxc6 bxc6 21. Rxf6
Bg7 22. Rf3 Ke7 23. Rd1 Raf8 24. Rd3 Be5 25. Qg5+ Rf6 26. Rf1 Rf8 27. Bxh5 Bxc3
28. Qg7+ Kd8 29. Rxf6 Rxf6 30. Qh8+ Kc7 31. h3 Rf1+ 32. Kh2 Bxh8 33. e5 Bxe5+ 0-1

[Event "Titled Tue 27th May Late"]
[Site "chess.com INT"]
[Date "2025.05.27"]
[Round "6"]
[White "Gabrielian, Artur"]
[Black "Xiong, Jeffery"]
[Result "1/2-1/2"]
[WhiteTitle "GM"]
[BlackTitle "GM"]
[WhiteElo "2419"]
[BlackElo "2636"]
[WhiteFideId "4131002"]
[BlackFideId "2047640"]
[EventDate "2025.05.27"]

1. Nf3 c5 2. g3 Nc6 3. Bg2 g6 4. c4 Bg7 5. Nc3 d6 6. d3 Bf5 7. Be3 Qd7 8. Qd2 h6
9. O-O Bh3 10. a3 Nf6 11. Rab1 Bxg2 12. Kxg2 Ng4 13. Nd5 e6 14. Nc3 O-O 15. h3
Nxe3+ 16. Qxe3 f5 17. Qd2 d5 18. cxd5 exd5 19. b4 cxb4 20. axb4 d4 21. Na4 b6
22. b5 Na5 23. Rfc1 Rae8 24. Rc2 Kh7 25. Nc5 Qd5 26. Na6 Re7 27. Qb4 Rff7 28.
Nb8 g5 29. Kg1 g4 30. hxg4 fxg4 31. Nh4 Be5 32. Nc6 Nxc6 33. Rxc6 Bg7 34. Rb2
Qg5 35. Qd6 Be5 36. Qg6+ Qxg6 37. Nxg6 Re8 38. Rbc2 Bb8 39. Nh4 Re5 40. Rc8 Bd6
41. R2c6 Be7 42. R8c7 Rxe2 43. Rxa7 Rexf2 44. Rxe7 Rf1+ 45. Kg2 Rf2+ 46. Kg1
Rf1+ 47. Kg2 Rf2+ 48. Kg1 1/2-1/2

[Event "Titled Tue 27th May Late"]
[Site "chess.com INT"]
[Date "2025.05.27"]
[Round "6"]
[White "Karas, Eugenia"]
[Black "Papadopoulos, Georgios3"]
[Result "1/2-1/2"]
[WhiteTitle "WFM"]
[BlackTitle "FM"]
[WhiteElo "2124"]
[BlackElo "2363"]
[WhiteFideId "463485"]
[BlackFideId "4210271"]
[EventDate "2025.05.27"]

1. Nf3 Nf6 2. b3 d5 3. Bb2 Bf5 4. e3 e6 5. Be2 h6 6. O-O c6 7. d4 Nbd7 8. Nbd2
Bd6 9. c4 O-O 10. Ne5 Qe7 11. Ndf3 Ne4 12. Nxd7 Qxd7 13. Bd3 Bg4 14. Be2 Bxf3
15. Bxf3 f5 16. Bxe4 fxe4 17. f3 Qe7 18. fxe4 Qh4 19. e5 Be7 20. cxd5 exd5 21.
Qd3 Bg5 22. Ba3 Be7 23. g3 Qg5 24. Bxe7 Qxe7 25. Qg6 Qb4 26. Rxf8+ Rxf8 27. Rf1
Rxf1+ 28. Kxf1 Qd2 29. Qe6+ Kh8 30. Qc8+ Kh7 31. Qf5+ Kh8 32. Qf8+ Kh7 33. Qf4
Qxa2 34. e6 Qb1+ 35. Kg2 Qc2+ 36. Kh3 Qg6 37. Qe5 h5 38. e7 Qg4+ 39. Kg2 Qe2+
40. Kh3 Qg4+ 41. Kg2 Qe2+ 42. Kh3 Qg4+ 1/2-1/2

[Event "Titled Tue 27th May Late"]
[Site "chess.com INT"]
[Date "2025.05.27"]
[Round "6"]
[White "Iskusnyh, Sergei"]
[Black "Chocenka, Dmitrijus"]
[Result "1-0"]
[WhiteTitle "GM"]
[BlackTitle "FM"]
[WhiteElo "2440"]
[BlackElo "2304"]
[WhiteFideId "4120027"]
[BlackFideId "12802336"]
[EventDate "2025.05.27"]

1. d4 Nf6 2. c4 g6 3. g3 Bg7 4. Bg2 d6 5. Nc3 O-O 6. Nf3 Nc6 7. d5 Na5 8. b3 c5
9. Bb2 a6 10. O-O Bd7 11. Nd2 b5 12. Qc1 Rb8 13. Nce4 Nxe4 14. Bxg7 Nxg3 15.
hxg3 Kxg7 16. Qc3+ f6 17. Be4 bxc4 18. bxc4 Rb4 19. Rab1 Qc7 20. Rxb4 cxb4 21.
Qxb4 Rb8 22. Qc3 Nb7 23. Nb3 Nc5 24. Bc2 Nxb3 25. axb3 a5 26. Ra1 Ra8 27. Kg2
Qc5 28. f3 Ra7 29. g4 h6 30. Qd3 Be8 31. Rh1 a4 32. Qd2 g5 33. Qd3 Bf7 34. Rxh6
Kf8 35. Rh8+ Bg8 36. Qg6 Qxd5 37. cxd5 1-0

[Event "Titled Tue 27th May Late"]
[Site "chess.com INT"]
[Date "2025.05.27"]
[Round "6"]
[White "Kang, Dorian"]
[Black "Do Carmo, Gabriel Carckeno"]
[Result "1-0"]
[WhiteTitle "CM"]
[WhiteElo "2047"]
[BlackElo "2021"]
[WhiteFideId "2619156"]
[BlackFideId "22783024"]
[EventDate "2025.05.27"]

1. c4 c5 2. Nc3 Nc6 3. g3 g6 4. Bg2 Bg7 5. e4 e6 6. Nge2 Nge7 7. O-O O-O 8. d3
d6 9. Be3 Rb8 10. Qd2 Nd4 11. Bh6 Nec6 12. Bxg7 Kxg7 13. f4 f5 14. Rab1 a6 15.
a3 b5 16. exf5 gxf5 17. b4 Qf6 18. Kh1 bxc4 19. dxc4 cxb4 20. axb4 e5 21. b5
axb5 22. cxb5 Ne7 23. fxe5 dxe5 24. Nxd4 exd4 25. Ne2 Rd8 26. Nf4 Kh8 27. Rfe1
Ng6 28. Nd3 Qd6 29. Qf2 Bb7 30. Qxf5 Bxg2+ 31. Kxg2 Rf8 32. Qe4 Qa3 33. Re2 Rbd8
34. b6 Qd6 35. b7 Qc7 36. Reb2 Qd7 37. b8=Q Rxb8 38. Rxb8 Rxb8 39. Rxb8+ Kg7 40.
Rb7 1-0

[Event "Titled Tue 27th May Late"]
[Site "chess.com INT"]
[Date "2025.05.27"]
[Round "6"]
[White "Idani, Pouya"]
[Black "Barseghyan, Armen Ar."]
[Result "0-1"]
[WhiteTitle "GM"]
[BlackTitle "IM"]
[WhiteElo "2630"]
[BlackElo "2348"]
[WhiteFideId "12510130"]
[BlackFideId "13306707"]
[EventDate "2025.05.27"]

1. d4 Nf6 2. c4 e6 3. Nc3 d5 4. cxd5 exd5 5. Bg5 Be7 6. e3 O-O 7. Bd3 Re8 8.
Nge2 h6 9. Bh4 c6 10. O-O Na6 11. a3 Nc7 12. f3 b6 13. Bf2 c5 14. Qd2 Bb7 15.
Rad1 Qd7 16. Rfe1 c4 17. Bb1 a5 18. e4 dxe4 19. fxe4 b5 20. e5 Nfd5 21. Qc2 g6
22. Ne4 Ne6 23. Qc1 Kh7 24. h4 Rac8 25. h5 Ng5 26. hxg6+ fxg6 27. Qc2 Qg4 28.
N2g3 Nf4 29. d5 Rcd8 30. Nxg5+ Qxg5 31. d6 Bf8 32. Qd2 Rxe5 33. Rxe5 Qxe5 34. d7
Bxg2 35. Qxa5 Bc5 36. Qxd8 Bxf2+ 37. Kxf2 Qc5+ 38. Rd4 Qxd4+ 39. Ke1 Qe3+ 40.
Kd1 Bf3+ 41. Kc2 Qd3+ 0-1

[Event "Titled Tue 27th May Late"]
[Site "chess.com INT"]
[Date "2025.05.27"]
[Round "6"]
[White "Svane, Rasmus"]
[Black "Gharibyan, Mamikon"]
[Result "1-0"]
[WhiteTitle "GM"]
[BlackTitle "GM"]
[WhiteElo "2629"]
[BlackElo "2472"]
[WhiteFideId "4657101"]
[BlackFideId "13308300"]
[EventDate "2025.05.27"]

1. Nf3 d5 2. g3 Nc6 3. d4 Bf5 4. Bg2 Nb4 5. Na3 e6 6. O-O Be7 7. c3 Nc6 8. Qb3
Rb8 9. Re1 h6 10. c4 Nf6 11. cxd5 exd5 12. Bf4 O-O 13. Nb5 Rc8 14. Ne5 Na5 15.
Qd1 c6 16. Nc3 Re8 17. a3 b5 18. Bd2 Bd6 19. Nd3 Nc4 20. Bc1 Qb6 21. e3 Bf8 22.
b3 Nd6 23. Nc5 a5 24. Bb2 Nb7 25. Nxb7 Qxb7 26. Rc1 Bd6 27. Ne2 h5 28. h4 g6 29.
Qd2 Ra8 30. Ra1 Qd7 31. Rec1 Ne4 32. Qe1 Kh7 33. Nc3 Nf6 34. Nb1 Be4 35. Nd2
Bxg2 36. Kxg2 Rac8 37. Nf3 Bc7 38. Rc2 Re6 39. Ng5+ Kg7 40. Nxe6+ Qxe6 41. Rac1
Bb6 42. Bc3 Ra8 43. Bd2 Rc8 44. Bxa5 Ba7 45. a4 bxa4 46. bxa4 Qe4+ 47. f3 Qe6
48. Bb4 Ne8 49. a5 Bb8 50. a6 Qd7 51. Bc5 Qc7 52. Rb1 1-0

[Event "Titled Tue 27th May Late"]
[Site "chess.com INT"]
[Date "2025.05.27"]
[Round "6"]
[White "Ragger, Markus"]
[Black "Yang, Kaiqi"]
[Result "0-1"]
[WhiteTitle "GM"]
[BlackTitle "GM"]
[WhiteElo "2566"]
[BlackElo "2481"]
[WhiteFideId "1610856"]
[BlackFideId "8604398"]
[EventDate "2025.05.27"]

1. d4 Nf6 2. c4 g6 3. Nc3 d5 4. cxd5 Nxd5 5. e4 Nxc3 6. bxc3 Bg7 7. Be3 c5 8.
Nf3 Qa5 9. Qd2 O-O 10. Rc1 Rd8 11. d5 e6 12. d6 Nc6 13. h4 Ne5 14. h5 c4 15.
hxg6 fxg6 16. Ng5 Nd3+ 17. Bxd3 Rxd6 18. Rxh7 Rxd3 19. Rxg7+ Kxg7 20. Qe2 e5 21.
Qf3 Qc7 22. Qg3 Bd7 23. Nf3 Re8 24. Bd4 Rxd4 25. Nxd4 Qb6 26. Nf3 Qb2 27. Qg5
Re6 28. Nxe5 Be8 29. f4 Qxc1+ 30. Kf2 Qd2+ 31. Kg1 Qe3+ 32. Kh2 Qxe4 33. Ng4 Qf5
34. Qh6+ Kg8 35. Qh4 Qh5 36. Qxh5 gxh5 37. Ne5 Ra6 38. Kg3 Rxa2 39. Kh4 a5 40.
Kg5 a4 41. f5 Bf7 42. Kf6 Bd5 43. Ng6 a3 44. Ne7+ Kh7 45. Nxd5 Rf2 46. Nc7 a2
47. Ne6 a1=Q 48. Ng5+ Kg8 49. Kg6 Qxc3 50. Ne6 Rxg2+ 51. Ng5 Qg7+ 52. Kxh5 Qxg5# 0-1

[Event "Titled Tue 27th May Late"]
[Site "chess.com INT"]
[Date "2025.05.27"]
[Round "6"]
[White "Krotov, Damian"]
[Black "Tikhonov, Viacheslav"]
[Result "0-1"]
[BlackTitle "CM"]
[WhiteElo "1967"]
[BlackElo "2183"]
[WhiteFideId "24208213"]
[BlackFideId "44196407"]
[EventDate "2025.05.27"]

1. d4 Nf6 2. c4 g6 3. Nc3 d5 4. cxd5 Nxd5 5. Bd2 Bg7 6. e4 Nxc3 7. Bxc3 O-O 8.
Qd2 c5 9. d5 e6 10. Bc4 exd5 11. Bxd5 Nc6 12. Ne2 Be6 13. O-O Bxd5 14. exd5 Nd4
15. Bxd4 cxd4 16. Nxd4 Qxd5 17. Nf3 Qxd2 18. Nxd2 Rfd8 19. Nc4 b5 20. Ne3 Rd2
21. Rab1 Bxb2 22. Rfd1 Rad8 23. Rxd2 Rxd2 24. Kf1 Bd4 25. Rxb5 Bxe3 26. fxe3
Rxa2 27. Rb7 h5 28. h4 Kg7 29. Kg1 a5 30. Kh2 Ra3 31. Kg1 g5 32. hxg5 Kg6 33.
Rb5 Ra2 34. Kh2 a4 35. Kg3 a3 36. Ra5 Ra1 37. Kf2 a2 38. e4 h4 39. e5 h3 40.
gxh3 Rh1 41. Rxa2 Rh2+ 42. Kg3 Rxa2 43. h4 Ra4 44. e6 fxe6 45. h5+ Kxg5 0-1

[Event "Titled Tue 27th May Late"]
[Site "chess.com INT"]
[Date "2025.05.27"]
[Round "6"]
[White "Rose, Felix"]
[Black "Medina Paz, Miguel"]
[Result "0-1"]
[WhiteTitle "CM"]
[BlackTitle "IM"]
[WhiteElo "2093"]
[BlackElo "2368"]
[WhiteFideId "5105722"]
[BlackFideId "7300379"]
[EventDate "2025.05.27"]

1. e4 c5 2. Nf3 Nc6 3. d4 cxd4 4. Nxd4 g6 5. c4 Bg7 6. Be3 Nf6 7. Nc3 O-O 8. Be2
d6 9. f3 Bd7 10. Qd2 Nxd4 11. Bxd4 a5 12. h4 e5 13. Be3 Nh5 14. O-O-O Ng3 15.
Rh2 Be6 16. Kb1 Rc8 17. Nd5 Bxd5 18. cxd5 Nxe2 19. Qxe2 h6 20. Qd2 Kh7 21. g4
Rc4 22. h5 g5 23. Rc1 Qc7 24. Rhh1 b5 25. b3 Rxc1+ 26. Rxc1 Qd8 27. Rc6 a4 28.
Qb4 axb3 29. axb3 Qf6 30. Qxd6 Qxf3 31. Bc1 Qxe4+ 32. Kb2 Qe2+ 33. Rc2 Qd3 34.
Qc6 e4+ 35. Kb1 Qxb3+ 36. Bb2 e3 0-1

[Event "Titled Tue 27th May Late"]
[Site "chess.com INT"]
[Date "2025.05.27"]
[Round "6"]
[White "Ermolaev, Evgeny"]
[Black "Chelly, Yahya"]
[Result "1-0"]
[WhiteTitle "FM"]
[BlackTitle "CM"]
[WhiteElo "2282"]
[BlackElo "2039"]
[WhiteFideId "24103195"]
[BlackFideId "5516200"]
[EventDate "2025.05.27"]

1. d4 d5 2. c4 e6 3. Nf3 Nf6 4. g3 dxc4 5. Bg2 Bb4+ 6. Bd2 a5 7. Qc2 Bxd2+ 8.
Qxd2 O-O 9. Ne5 c6 10. Nxc4 b5 11. Ne5 Qb6 12. O-O Rd8 13. e3 Nbd7 14. Nxc6 Bb7
15. Nxd8 Bxg2 16. Kxg2 Rxd8 17. Nc3 b4 18. Ne2 Ne4 19. Qc2 Ndf6 20. Rac1 Qb7 21.
Qc6 Qe7 22. Qc7 Rd7 23. Qxa5 h5 24. Nf4 g5 25. Nxh5 Nxh5 26. Qa8+ Kg7 27. Qxe4
Nf6 28. Qe5 Rd5 29. Qc7 Qf8 30. Qc8 Qd6 31. Rc6 Qe7 32. Rfc1 Ne4 33. f3 Nd2 34.
R6c2 Nxf3 35. Kxf3 Qf6+ 36. Kg2 g4 37. Rf2 Qh6 38. Rcf1 f5 39. e4 Rxd4 40. exf5
exf5 41. Qxf5 Qh3+ 42. Kg1 Rd6 43. Qf8+ Kg6 44. Qxd6+ Kg5 45. Qe7+ 1-0

[Event "Titled Tue 27th May Late"]
[Site "chess.com INT"]
[Date "2025.05.27"]
[Round "6"]
[White "Movahed, Sina"]
[Black "Jumabayev, Rinat"]
[Result "1-0"]
[WhiteTitle "GM"]
[BlackTitle "GM"]
[WhiteElo "2518"]
[BlackElo "2551"]
[WhiteFideId "42520835"]
[BlackFideId "13702661"]
[EventDate "2025.05.27"]

1. e4 c5 2. Nf3 e6 3. Nc3 a6 4. g3 d5 5. exd5 exd5 6. Bg2 d4 7. Qe2+ Be7 8. Ne4
Be6 9. d3 Nc6 10. O-O h6 11. Re1 Nf6 12. Nxf6+ Bxf6 13. Bh3 O-O 14. Bxe6 fxe6
15. Qxe6+ Kh8 16. Bf4 g5 17. Bd6 Re8 18. Qd5 Qd7 19. Qxc5 Rxe1+ 20. Rxe1 Rd8 21.
Ne5 Bxe5 22. Bxe5+ Kh7 23. Bf6 Rc8 24. Re4 Kg6 25. Bxd4 Nxd4 26. Rxd4 Rxc5 27.
Rxd7 Rxc2 28. Rxb7 Kf5 29. Rb6 h5 30. a4 h4 31. gxh4 gxh4 32. h3 a5 33. Kg2 Kf4
34. b4 axb4 35. Rxb4+ Kg5 36. Rg4+ Kh5 37. Rc4 Ra2 38. Rc5+ Kg6 39. a5 Ra3 40.
d4 Kf6 41. Rh5 Ra4 42. a6 Kg6 43. Rxh4 Rxa6 44. Kg3 Ra3+ 45. f3 Rd3 46. Rg4+ Kf5
47. h4 Rd1 48. Rg5+ Kf6 49. d5 Rg1+ 50. Kf4 Rh1 51. Rf5+ Kg6 52. h5+ Kh6 53. Ke5
Rd1 54. d6 1-0

[Event "Titled Tue 27th May Late"]
[Site "chess.com INT"]
[Date "2025.05.27"]
[Round "6"]
[White "Ozates, Tuna"]
[Black "Aradhya, Garg"]
[Result "0-1"]
[WhiteTitle "FM"]
[BlackTitle "IM"]
[WhiteElo "2217"]
[BlackElo "2383"]
[WhiteFideId "6354521"]
[BlackFideId "25006746"]
[EventDate "2025.05.27"]

1. d4 d5 2. Nf3 Nf6 3. e3 c5 4. c3 e6 5. Nbd2 Nbd7 6. Bd3 b6 7. O-O Bb7 8. Qa4
Bd6 9. Ne5 O-O 10. Nxd7 Qxd7 11. Qc2 e5 12. dxe5 Bxe5 13. c4 d4 14. exd4 Qxd4
15. Bf5 g6 16. Bh3 Qd6 17. g3 Bd4 18. Bg2 Bxg2 19. Kxg2 Rfe8 20. Nf3 Qc6 21. Bf4
Ng4 22. h3 Ne5 23. Bxe5 Rxe5 24. Rfe1 Rae8 25. Qd2 Rxe1 26. Rxe1 Rxe1 27. Qxe1
Bxb2 28. g4 h6 29. Kg3 Bf6 30. h4 Qd6+ 31. Kh3 Qf4 32. Qe2 h5 33. g5 Qg4+ 34.
Kh2 Be5+ 35. Qxe5 Qxf3 36. Qb8+ Kg7 37. Qxa7 Qxf2+ 38. Kh3 Qf3+ 39. Kh2 Qf4+ 40.
Kh3 Qg4+ 41. Kh2 Qxh4+ 42. Kg2 Qxg5+ 43. Kf3 Qg4+ 44. Ke3 Qd4+ 45. Kf3 Qd3+ 46.
Kf2 Qc2+ 47. Ke3 Qc3+ 48. Ke2 Qxc4+ 0-1

[Event "Titled Tue 27th May Late"]
[Site "chess.com INT"]
[Date "2025.05.27"]
[Round "6"]
[White "Bykov, Egor"]
[Black "Hiwale, Ronak"]
[Result "1-0"]
[WhiteTitle "FM"]
[WhiteElo "2441"]
[BlackElo "2105"]
[WhiteFideId "34115290"]
[BlackFideId "30975336"]
[EventDate "2025.05.27"]

1. d4 g6 2. c4 Bg7 3. Nc3 Nf6 4. e4 d6 5. Nf3 O-O 6. Be2 Nc6 7. d5 Nb8 8. O-O e5
9. Bg5 h6 10. Bh4 Qe8 11. Nd2 Nh7 12. b4 f5 13. f3 f4 14. c5 g5 15. Bf2 Qg6 16.
Nb5 Rf7 17. cxd6 cxd6 18. Rc1 Na6 19. Nxa7 Bd7 20. a3 h5 21. Bb5 g4 22. Bxd7
Rxd7 23. Rc8+ Rxc8 24. Nxc8 g3 25. hxg3 fxg3 26. Be3 Rc7 27. Nb6 Rc3 28. Qe1 Bh6
29. Bxh6 Qxh6 30. Qxg3+ Kh8 31. Ndc4 Ng5 32. Qh4 Qg6 33. Kh1 Nc7 34. Nxd6 Ne8
35. Nxe8 Nh7 36. d6 Rd3 37. d7 Qg5 38. Qxg5 Nxg5 39. Nd5 Ne6 40. Nd6 Nd8 41. Rc1
Kg7 42. Rc8 Ne6 43. d8=Q Nxd8 44. Rxd8 Rd1+ 45. Kh2 Ra1 46. Kg3 Rxa3 47. Kh4 Ra6
48. Kg5 Rc6 49. Rd7+ Kf8 50. Rf7+ Kg8 51. Nf6+ Kh8 52. Rh7# 1-0

[Event "Titled Tue 27th May Late"]
[Site "chess.com INT"]
[Date "2025.05.27"]
[Round "6"]
[White "Marchesich, Giovanni"]
[Black "Vlassov, Nikolai"]
[Result "0-1"]
[WhiteTitle "CM"]
[BlackTitle "IM"]
[WhiteElo "2219"]
[BlackElo "2291"]
[WhiteFideId "2824790"]
[BlackFideId "4103360"]
[EventDate "2025.05.27"]

1. d4 Nf6 2. Nc3 d5 3. Bf4 c6 4. e3 Qb6 5. a3 g6 6. Nf3 Bg7 7. Ne5 Nbd7 8. Be2
O-O 9. O-O Nxe5 10. Bxe5 Bh6 11. b4 Nd7 12. Bg3 Re8 13. f4 Nf6 14. Bd3 Bf5 15.
Na4 Qc7 16. Nc5 b6 17. Nb3 Ne4 18. Bxe4 Bxe4 19. Nd2 Bf5 20. Rc1 c5 21. c4 cxd4
22. cxd5 Qd7 23. e4 Bg4 24. Nf3 e5 25. dxe6 Rxe6 26. Qxd4 Qxd4+ 27. Nxd4 Rxe4
28. Nc6 a5 29. bxa5 bxa5 30. Rfe1 Rae8 31. Rxe4 Rxe4 32. Nxa5 Bxf4 33. Bxf4 Rxf4
34. Nc4 Be6 35. Nb2 Re4 36. Kf2 h5 37. Ra1 Bd5 38. a4 Rb4 39. Nd3 Rb3 40. Nf4
Rb2+ 41. Kg1 Bb7 42. a5 g5 43. a6 Ba8 44. Nxh5 Rxg2+ 45. Kf1 Rxh2 46. Nf6+ Kg7
47. Ne8+ Kf8 48. Nc7 Rh1+ 49. Kf2 Rxa1 0-1

[Event "Titled Tue 27th May Late"]
[Site "chess.com INT"]
[Date "2025.05.27"]
[Round "6"]
[White "Avramidou, Anastasia"]
[Black "Goltsev, Dmitry"]
[Result "0-1"]
[WhiteTitle "FM"]
[BlackTitle "FM"]
[WhiteElo "2294"]
[BlackElo "2183"]
[WhiteFideId "4239873"]
[BlackFideId "24176710"]
[EventDate "2025.05.27"]

1. Nf3 d5 2. d4 Nf6 3. c4 c6 4. Nc3 dxc4 5. a4 a5 6. e4 Bg4 7. Bxc4 e6 8. Be3
Bb4 9. Qc2 Nbd7 10. Be2 Bh5 11. O-O h6 12. Rfe1 O-O 13. Rad1 Rc8 14. h3 Bg6 15.
Bd3 Qe8 16. Bd2 c5 17. e5 Bxd3 18. Qxd3 c4 19. Qc2 Bxc3 20. Bxc3 Nd5 21. Bxa5
N7b6 22. Bxb6 Nxb6 23. a5 Nd5 24. Nd2 Qb5 25. Ne4 Qxa5 26. Nd6 Rc7 27. Ra1 Qb4
28. Rec1 b5 29. Rcb1 Rb8 30. Ra6 c3 31. bxc3 Qxc3 32. Qe4 b4 33. Rba1 Rd7 34.
Ra8 Rdd8 35. R8a7 Rf8 36. Rb1 b3 37. Ra3 Qd2 38. Kh2 b2 39. Ra2 Nc3 40. Rbxb2
Rxb2 41. Rxb2 Qxb2 42. Qg4 Qxf2 43. Nc4 Ne2 44. Nb6 Qg1# 0-1

[Event "Titled Tue 27th May Late"]
[Site "chess.com INT"]
[Date "2025.05.27"]
[Round "6"]
[White "Ghoreishi Amiri, Seyed Kian"]
[Black "Galchenko, Matvey"]
[Result "1-0"]
[WhiteTitle "CM"]
[BlackTitle "IM"]
[WhiteElo "2215"]
[BlackElo "2442"]
[WhiteFideId "36757527"]
[BlackFideId "24175480"]
[EventDate "2025.05.27"]

1. e4 e6 2. d4 d5 3. Nc3 Bb4 4. e5 Ne7 5. a3 Bxc3+ 6. bxc3 c5 7. Qg4 cxd4 8.
Qxg7 Rg8 9. Qxh7 Qc7 10. Qd3 Nbc6 11. f4 dxc3 12. Qxc3 Bd7 13. Nf3 Nf5 14. g3
O-O-O 15. Bg2 Qb6 16. a4 d4 17. a5 dxc3 18. axb6 axb6 19. Ra3 Kc7 20. Rxc3 Ra8
21. O-O Ra2 22. Rd1 b5 23. Ng5 Rf8 24. Nh7 Rd8 25. Nf6 b4 26. Rcd3 Nb8 27. Bd2
Rxc2 28. Bxb4 Rb2 29. Ba5+ b6 30. Rc3+ Bc6 31. Rxd8 Kxd8 32. Bxc6 bxa5 33. Ba4
Rb4 34. Be8 Na6 35. Bxf7 Rb6 36. Ra3 Rb5 37. Bxe6 Nd4 38. Rd3 Rb4 39. h4 Nc5 40.
Ra3 Ncxe6 41. Rxa5 Rb3 42. Kg2 Ne2 43. Rd5+ Kc8 44. Nh5 Rb2 45. Kh3 Rb4 46. f5
Nc7 47. Rd2 Ng1+ 48. Kg2 Rb2 49. Rxb2 1-0

[Event "Titled Tue 27th May Late"]
[Site "chess.com INT"]
[Date "2025.05.27"]
[Round "6"]
[White "Vagman, Roy"]
[Black "Materia, Marco"]
[Result "1/2-1/2"]
[WhiteTitle "FM"]
[BlackTitle "IM"]
[WhiteElo "2417"]
[BlackElo "2489"]
[WhiteFideId "2828995"]
[BlackFideId "45150451"]
[EventDate "2025.05.27"]

1. e4 c6 2. Nf3 d5 3. e5 Bg4 4. d4 e6 5. Nbd2 c5 6. c3 Nc6 7. h3 Bxf3 8. Nxf3
Qb6 9. Be2 cxd4 10. cxd4 Bb4+ 11. Bd2 Nge7 12. Bxb4 Qxb4+ 13. Qd2 Qxd2+ 14. Kxd2
Nf5 15. Bb5 a6 16. Bxc6+ bxc6 17. Rhc1 Kd7 18. Rc5 Rhb8 19. b3 a5 20. Rac1 a4
21. Rxc6 axb3 22. Rc7+ Ke8 23. axb3 Rxb3 24. Rc8+ Rxc8 25. Rxc8+ Kd7 26. Rc3
Rb2+ 27. Rc2 Rb4 28. Kd3 h6 29. g4 Ne7 30. Kc3 Nc6 31. Rb2 Rc4+ 32. Kd3 Nb4+ 33.
Kd2 Kc6 34. Rb3 Rc2+ 35. Kd1 Rxf2 36. Ke1 Rb2 37. Rxb2 Nd3+ 38. Kd2 Nxb2 39. g5
Nc4+ 40. Kd3 Kb5 41. gxh6 gxh6 42. Nh2 Kb4 43. Ng4 h5 44. Nh6 Nb2+ 45. Kc2 Na4
46. Kd3 Kb3 47. Nxf7 Nb2+ 48. Ke3 Kc3 49. Ng5 Nc4+ 50. Kf4 Kxd4 51. Nxe6+ Kc3
52. Nc5 d4 53. e6 Nd6 54. Ne4+ Nxe4 55. Kxe4 d3 56. e7 d2 57. e8=Q d1=Q 58. Qe5+
Kc4 59. Qc7+ Kb5 60. Qb7+ Kc5 61. Qe7+ Kc6 62. Qe6+ Kc7 63. Kf4 Qd6+ 64. Qxd6+
Kxd6 65. Kg5 Ke7 66. Kxh5 Kf7 67. Kh6 Kg8 68. h4 Kh8 69. h5 Kg8 70. Kg6 Kh8 71.
h6 Kg8 72. h7+ Kh8 73. Kh6 1/2-1/2